| 000 | 00475ntaaa2200193 4500 | ||
|---|---|---|---|
| 003 | 01 | ||
| 005 | 20251027202802.0 | ||
| 008 | 0714s1973 ag 01 | ||
| 040 |
_aAR-BaBN _bspa _cAR-BaBN _eaacr _dRIC |
||
| 082 | _a851.4000 T18 | ||
| 100 |
_aTasso, Torcuato _928125 |
||
| 245 | _aLa Jerusalem libertada | ||
| 250 | _a1 ed. | ||
| 260 |
_aBarcelona : _bLuis Tasso, _cs.f. |
||
| 300 | _a329 p | ||
| 500 | _a2 tomos en uno | ||
| 650 |
_aliteratura italiana _925854 |
||
| 942 | _cBK | ||
| 999 |
_c23179 _d23179 |
||